All VCT Franchising Teams - Statistics

General Stats
  • This quiz has been taken 19 times
  • The average score is 46 of 54
Answer Stats
Region Answer % Correct
Former Teams 2GAME Esports
100%
Americas Cloud9
100%
Americas FURIA
100%
Pacific Gen.G Esports
100%
Pacific Global Esports
100%
Americas Leviatán
100%
Americas MIBR
100%
Americas NRG
100%
Pacific Paper Rex
100%
Pacific Rex Regum Qeon
100%
Americas Sentinels
100%
Americas 100 Thieves
92%
EMEA BBL Esports
92%
China Bilibili Gaming
92%
Pacific DetonatioN FocusMe
92%
China Dragon Ranger Gaming
92%
Pacific DRX
92%
China EDward Gaming
92%
EMEA Fnatic
92%
Americas G2 Esports
92%
EMEA Karmine Corp
92%
Americas KRÜ Esports
92%
Americas LOUD
92%
EMEA Natus Vincere
92%
EMEA Team Vitality
92%
China Trace Esports
92%
China Wolves Esports
92%
China Xi Lai Gaming
92%
Pacific ZETA DIVISION
92%
China All Gamers
85%
Americas ENVY
85%
Americas Evil Geniuses
85%
China FunPlus Phoenix
85%
EMEA FUT Esports
85%
Pacific Nongshim RedForce
85%
EMEA Team Heretics
85%
Pacific Team Secret
85%
Former Teams Apeks
77%
EMEA Gentle Mates
77%
EMEA GIANTX
77%
EMEA Team Liquid
77%
China TYLOO
77%
Former Teams BOOM Esports
69%
Pacific FULL SENSE
69%
China JD Gaming
69%
Former Teams Movistar KOI
69%
Former Teams Talon Esports
69%
China Titan Esports Club
69%
Former Teams BLEED Esports
62%
China Nova Esports
62%
Pacific T1
62%
Pacific SLT Seongnam
54%
EMEA PCIFIC Espor
46%
EMEA ULF Esports
46%
No matching quizzes found
Score Distribution
Percent of People with Each Score
Percentile by Number Answered
Your Score History
You have not taken this quiz